| 000 | 01080nam a2200277Ia 4500 | ||
|---|---|---|---|
| 003 | OSt | ||
| 005 | 20221005105253.0 | ||
| 006 | a|||||r|||| 00| 0 | ||
| 007 | ta | ||
| 008 | 221004b |||||||| |||| 00| 0 hin d | ||
| 020 |
_a9789383233120 (hbk) _c175 |
||
| 024 | _a8312 | ||
| 037 |
_b219, 28/11/2013, Eastern Book Linkers _cTextual |
||
| 040 |
_aCRL _cCRL _bhin |
||
| 041 |
_2hin _ahin |
||
| 082 | _aO152,3N505x, Q3 | ||
| 100 | _aवाल्मीकि, ओमप्रकाश | ||
| 245 | 0 | _aदस प्रतिनिधि कहानियां | |
| 246 | _aDas pratinidhi kahāniyāan | ||
| 260 |
_aनई दिल्ली _bकिताबघर प्रकाशन भारत _c2013 |
||
| 300 |
_a108पृ0 _ccm. |
||
| 490 | _aदस प्रतिनिधि कहानियां सीरीज़ | ||
| 650 | _aहिन्दी साहित्य | ||
| 942 |
_hO152,3N505x, Q3 _cTEXL _2cc |
||
| 999 |
_c1015327 _d1015327 |
||